000 00588nam a2200193Ia 4500
003 IN-BaIIA
008 211028s9999 xx 000 0 eng d
040 _cIIA Library
080 _a520.82
_bBED
245 3 _aAn album of celestial photographs
_cedited by A. L. Bedell
260 _aU.S.A.
_c1946
300 _a64p.
650 _aAstronomy and Astrophysics Thesaurus
650 _aCelestial Bodies
_93576
650 _aPhotometry
_91839
700 _aBedell, A. L., ed.
_915841
700 _aGreenberg, J. Mayo, ed.
_95546
942 _cBK
999 _c9407
_d9407